Statistiche per Quiz di cultura generale - #4

Clicka qui per fare il quiz!

Statistiche generali

  • Questo quiz è stato fatto 13.351 volte
  • Il punteggio medio è 15 su 20

Statistiche sulle risposte

DomandaRisposta% Corretto
Quante sono le note musicali?7
97%
Capitale della SpagnaMadrid
97%
Animale del deserto con due gobbeCammello
94%
Qual è la regione più grande d'Italia?Sicilia
92%
Spugna gialla dei cartoni animatiSpongebob
92%
"Sedia" in ingleseChair
91%
Si festeggia in Italia il 25 aprileFesta della Liberazione
87%
Ultimo profeta dell'IslamMaometto
82%
Lo zio di Qui, Quo e QuaPaolino Paperino
80%
Di che colore è la maglia del vincitore del Tour de France?Gialla
76%
Fu il primo dittatore della Russia SovieticaLenin
76%
Quale squadra ha vinto più volte la Champions League?Real Madrid
76%
Che tipo di repubblica è l'Italia?Parlamentare
72%
Gioco a premi televisivo dove il concorrente deve indovinare l'identità di 8 personaggiSoliti ignoti
63%
Nome dell'uomo nella copertina del quizLeonardo da Vinci
61%
Vincitore di San Remo 2020Diodato
60%
Simbolo chimico del rameCu
59%
In quale anno fu fondata Roma?753 A.C.
48%
Chi fu l'ultimo re d'Italia?Umberto II
40%
Santo fondatore dell'ordine dei SalesianiSan Giovanni Bosco
30%

Distribuzione punteggi

Percentile per numero di risposta

Percentuale di utenti per punteggio

I tuoi punteggi nel tempo

Non hai fatto questo quiz